The tour de bikini bottom / (Record no. 3424)

MARC details
000 -LEADER
fixed length control field 01150nam a22003017a 4500
001 - CONTROL NUMBER
control field 3424
003 - CONTROL NUMBER IDENTIFIER
control field FISKH
005 - DATE AND TIME OF LATEST TRANSACTION
control field 20250605101224.0
008 - FIXED-LENGTH DATA ELEMENTS--GENERAL INFORMATION
fixed length control field 240304b cb ||||| |||| 00| 0 eng d
020 ## - INTERNATIONAL STANDARD BOOK NUMBER
International Standard Book Number 708431306745
040 ## - CATALOGING SOURCE
Original cataloging agency FISKH
Language of cataloging eng
Transcribing agency FISKH
Modifying agency FISKH
050 ## - LIBRARY OF CONGRESS CALL NUMBER
Classification number PZ7.S6982
082 ## - DEWEY DECIMAL CLASSIFICATION NUMBER
Classification number 372.4
100 ## - MAIN ENTRY--PERSONAL NAME
Personal name Sonneborn, Scott
Relator term author
245 ## - TITLE STATEMENT
Title The tour de bikini bottom /
Statement of responsibility, etc. written by Scott Sonneborn ; illustrated by Warner McGee
260 ## - PUBLICATION, DISTRIBUTION, ETC.
Place of publication, distribution, etc. California :
Name of publisher, distributor, etc. LeapFrog Enterprise ,
Date of publication, distribution, etc. 2007
300 ## - PHYSICAL DESCRIPTION
Extent 25 pages :
Other physical details color illustrations ;
Dimensions 24 cm .
490 ## - SERIES STATEMENT
Series statement (Spongebob Squarepants Ready-to-Read)
505 ## - FORMATTED CONTENTS NOTE
Formatted contents note J <br/><br/>
520 ## - SUMMARY, ETC.
Summary, etc. When Squidward sets off to compete in the Bikini Bottom Bike Race, SpongeBob and Patrick vow to help him win. But instead of helping him, their efforts force him into last place. Will Squidward ever shake SpongeBob and Patrick long enough to catch up?
521 8# - TARGET AUDIENCE NOTE
Target audience note 500 <br/><br/>
Source Lexile estimate <br/><br/>
521 8# - TARGET AUDIENCE NOTE
Target audience note J <br/>
Source Raz-Plus <br/>
600 ## - SUBJECT ADDED ENTRY--PERSONAL NAME
Source of heading or term ocean
Form subdivision Non-Fiction
650 ## - SUBJECT ADDED ENTRY--TOPICAL TERM
Topical term or geographic name entry element SpongeBob
Form subdivision Non- Fiction
700 ## - ADDED ENTRY--PERSONAL NAME
Personal name McGee, Warner
Relator term illustrator
942 ## - ADDED ENTRY ELEMENTS (KOHA)
Source of classification or shelving scheme Dewey Decimal Classification
Koha item type Books
Suppress in OPAC No
Holdings
Withdrawn status Lost status Source of classification or shelving scheme Damaged status Not for loan Collection Home library Current library Shelving location Date acquired Total Checkouts Full call number Barcode Date last seen Date last checked out Copy number Price effective from Koha item type
    Dewey Decimal Classification     Non-Fiction Footprints International School Library Network Toul Tom Poung Campus Footprints International School Library Network Toul Kork Campus TTP Primary Dark Blue Bookshelves 03/04/2024 5 SON 372.4 PZ7.S6982 2024-0200 02/06/2026 02/03/2026 1 03/04/2024 Books
    Dewey Decimal Classification     Non-Fiction Footprints International School Library Network Toul Kork Campus Footprints International School Library Network Toul Kork Campus TK Primary Library Room(4th Floor), Bookcase 1&2, Shelves 1-16, Dark Blue Books 06/05/2025   SON 372.4 PZ7.S6982 2025-1531 06/05/2025   4 06/05/2025 Books
    Dewey Decimal Classification     Non-Fiction Footprints International School Library Network Toul Tom Poung Campus Footprints International School Library Network Toul Tom Poung Campus TTP Primary Dark Blue Bookshelves 03/04/2024 4 SON 372.4 PZ7.S6982 2024-0201 10/03/2025 09/19/2025 2 03/04/2024 Books
    Dewey Decimal Classification     Non-Fiction Footprints International School Library Network Toul Tom Poung Campus Footprints International School Library Network Toul Tom Poung Campus TTP Primary Dark Blue Bookshelves 03/04/2024 5 SON 372.4 PZ7.S6982 2024-0213 03/13/2026 02/27/2026 3 03/04/2024 Books
    Dewey Decimal Classification     Non-Fiction Footprints International School Library Network Toul Tom Poung Campus Footprints International School Library Network Toul Tom Poung Campus TTP Primary Dark Blue Bookshelves 06/13/2025 3 SON 372.4 PZ7.S6982 2025-1632 03/13/2026 02/27/2026 5 06/13/2025 Books